British government and politics; (Record no. 44775)
[ view plain ]
| 000 -LEADER | |
|---|---|
| fixed length control field | 00790cam a22002411 4500 |
| 001 - CONTROL NUMBER | |
| control field | 8938810 |
| 008 - FIXED-LENGTH DATA ELEMENTS--GENERAL INFORMATION | |
| fixed length control field | 740917s1966 xx 000 0 eng |
| 010 ## - LIBRARY OF CONGRESS CONTROL NUMBER | |
| LC control number | 66015676 |
| 035 ## - SYSTEM CONTROL NUMBER | |
| System control number | (OCoLC)1012525 |
| 040 ## - CATALOGING SOURCE | |
| Original cataloging agency | DLC |
| Transcribing agency | CUZ |
| Modifying agency | IaFairM |
| -- | OCoLC |
| -- | OWK |
| -- | OCoLC |
| -- | Uk |
| -- | DLC |
| Language of cataloging | eng |
| Description conventions | rda |
| 050 00 - LIBRARY OF CONGRESS CALL NUMBER | |
| Classification number | JN118 |
| Item number | .V4 |
| 100 1# - MAIN ENTRY--PERSONAL NAME | |
| Personal name | Verney, Douglas V. |
| 245 10 - TITLE STATEMENT | |
| Title | British government and politics; |
| Remainder of title | life without a declaration of independence |
| Statement of responsibility, etc. | [by] Douglas V. Verney. |
| 264 ## - PRODUCTION, PUBLICATION, DISTRIBUTION, MANUFACTURE, AND COPYRIGHT NOTICE | |
| Place of production, publication, distribution, manufacture | New York : |
| Name of producer, publisher, distributor, manufacturer | Harper & Row, |
| Date of production, publication, distribution, manufacture, or copyright notice | 1966. |
| 300 ## - PHYSICAL DESCRIPTION | |
| Extent | ix, 226pages. |
| Dimensions | 21cm. |
| 490 0# - SERIES STATEMENT | |
| Series statement | Harper's comparative government series |
| 651 #0 - SUBJECT ADDED ENTRY--GEOGRAPHIC NAME | |
| Geographic name | Great Britain |
| 942 ## - ADDED ENTRY ELEMENTS (KOHA) | |
| Koha item type | OS Book |
| 336 ## - CONTENT TYPE | |
| Content type term | text |
| Content type code | txt |
| 337 ## - MEDIA TYPE | |
| Media type term | unmediated |
| Media type code | n |
| 338 ## - CARRIER TYPE | |
| Source | rdacarrier |
| Withdrawn status | Lost status | Source of classification or shelving scheme | Damaged status | Not for loan | Collection code | Home library | Current library | Shelving location | Date acquired | Source of acquisition | Total Checkouts | Full call number | Barcode | Date last seen | Price effective from | Koha item type |
|---|---|---|---|---|---|---|---|---|---|---|---|---|---|---|---|---|
| Non-fiction | CUZ Harare Campus | CUZ Harare Campus | Open Shelf | 12.07.2023 | Donation | JN118 .VER | BK009718 | 22.05.2025 | 12.07.2023 | OS Book |